000 00742nam a2200265Ia 4500
003 OSt
005 20220926010624.0
006 a|||||r|||| 00| 0
007 ta
008 220923b |||||||| |||| 00| 0 eng d
020 _a0300030029
037 _cGeneral Book
040 _aRTL
_cRTL
_beng
041 _2eng
_aeng
082 _aR3xL24:g, M3
100 _aAllison Henry E
245 0 _aKant's transcendental idealism
_b An inter-pretatio
260 _aNew Haven
_bYale University Press
_c1983
300 _aix, 389p
_ccm.
500 _aBibliography: P 373-84
650 _a Philosophy
650 _aMetaphysics-Kant
942 _hR3xL24:g, M3
_cGB
_2CC
999 _c617795
_d617795